| 000 | 00483nam a22001697a 4500 | ||
|---|---|---|---|
| 005 | 20251108165914.0 | ||
| 008 | 250721s1980 xx 000 0 ara d | ||
| 082 | 1 | 4 | _aط/599.74/دلي |
| 100 | 1 |
_aالنابلسي، هالة _eرسام |
|
| 245 | 1 | 0 | _aدليلك إلى الكلاب / |
| 264 | 1 |
_aبيروت : _bدار المسيرة، _c1980. |
|
| 300 | _a23ص: مص | ||
| 490 | 0 | _aالمستكشف الصغير | |
| 650 | 1 | 7 | _aالكلاب |
| 942 |
_2ddc _cBK |
||
| 999 |
_c34424 _d34424 |
||